Nghiên cứu hoàn thiện quá trình phân giải hợp chất Nitơ trong nước thải chăn nuôi nhờ hoạt động của một số nhóm vi khuẩn phục vụ cho việc tăng sinh khối vi tảo có giá trị kinh tế cao : Luận văn thạc sĩ /

Đã lưu trong:
书目详细资料
主要作者: Nguyễn Thị Thuỳ
其他作者: Nguyễn Xuân Tùng (hướng dẫn)
格式: Luận văn
语言:Vietnamese
出版: Đà lạt : Trường Đại học Đà lạt, 2005
主题:
标签: 添加标签
没有标签, 成为第一个标记此记录!
Thư viện lưu trữ: Thư viện Trường Đại học Đà Lạt
LEADER 01457nam a2200409 4500
001 DLU060052069
005 ##20060327
040 # # |a DLU  |b vie 
041 # # |a vie 
044 # # |a vn 
082 # # |a 570  |b NG-T 
100 # # |a Nguyễn Thị Thuỳ 
245 # # |a Nghiên cứu hoàn thiện quá trình phân giải hợp chất Nitơ trong nước thải chăn nuôi nhờ hoạt động của một số nhóm vi khuẩn phục vụ cho việc tăng sinh khối vi tảo có giá trị kinh tế cao :  |b Luận văn thạc sĩ /  |c Nguyễn Thị Thuỳ; Nguyễn Xuân Tùng hướng dẫn 
260 # # |a Đà lạt :  |b Trường Đại học Đà lạt,  |c 2005 
300 # # |a 147 tr. ;  |c 30 cm 
504 # # |a Tài liệu tham khảo :tr.146 
653 # # |a Ô nhiễm môi trường 
653 # # |a Chăn nuôi 
653 # # |a Hợp chất 
653 # # |a Nitơ 
653 # # |a Tảo Chlorella 
653 # # |a Vi khuẩn 
653 # # |a Vi tảo 
653 # # |a Xử lí nước thải 
653 # # |a Xử lý nước thải 
700 # # |a Nguyễn Xuân Tùng  |e hướng dẫn 
901 # # |a /libol50/attach/doc/doc20070619TLMR.pdf 
915 # # |a Tài nguyên môi trường  |b 60.42.02  |c Thạc sĩ  |d Trường Đại học Đà lạt  |e Bộ Giáo dục và Đào tạo 
992 # # |a 0 
994 # # |a DLU 
900 # # |a True 
911 # # |a Đào Thị Thu Huyền 
925 # # |a G 
926 # # |a A 
927 # # |a LA 
980 # # |a Thư viện Trường Đại học Đà Lạt